It looks like you're offline.
Open Library logo
additional options menu

MARC record from Internet Archive

LEADER: 02449cam 2200553 a 4500
001 ocn679519746
003 OCoLC
005 20200807022214.0
008 101028s2011 onca b 001 0 eng
040 $aNLC$beng$cNLM$dNLC$dCDX$dGPRCL$dOCLCF$dNLM$dOCLCQ$dOCLCO$dOCLCA$dOCLCQ
015 $a20109069315$2can
016 7 $a101563507$2DNLM
016 $a(AMICUS)000038641440
019 $a1080695991
020 $a9781551303918
020 $a1551303914
035 $a(OCoLC)679519746$z(OCoLC)1080695991
042 $apcc
043 $an-cn---
050 4 $aRA
055 02 $aRA790.7*
055 0 $aRA790.7 C3$bC65 2011
060 00 $a2011 I-112
060 10 $aWM 101
082 04 $a362.20971$222
084 $acci1icc$2lacc
084 $acoll13$2lacc
245 02 $aA concise introduction to mental health in Canada /$cElliot M. Goldner [and others].
260 $aToronto :$bCSPI,$c2011.
300 $aviii, 317 pages :$billustrations
336 $atext$btxt$2rdacontent
337 $aunmediated$bn$2rdamedia
338 $avolume$bnc$2rdacarrier
504 $aIncludes bibliographical references and index.
505 0 $aWhat is mental health? -- Biological foundations of mental health -- Mental health examined through the social sciences -- The spectrum of mental health problems -- Substance use, dependence, and addictive behaviour -- Stigma, discrimination, and mental health in the workplace -- Mental health and illness among children and youth -- Sex, gender, and sexuality -- Culture, ethnicity, and mental health -- Mental health and illness in older adults -- Responding to mental health crisis, emergency, and disaster -- Treatment for mental disorders and substance use disorders -- Mental health services in Canada -- Mental health professions and practices -- Mental health and substance use: opportunities to improve population and public health.
650 0 $aMental health$zCanada.
650 12 $aMental Health.
650 22 $aMental Disorders.
650 22 $aMental Health Services.
651 2 $aCanada.
650 7 $aMental health.$2fast$0(OCoLC)fst01016339
651 7 $aCanada.$2fast$0(OCoLC)fst01204310
650 6 $aSanté mentale$zCanada.
700 1 $aGoldner, Elliot M.$q(Elliot Michael),$d1953-
938 $aCoutts Information Services$bCOUT$n16021673
029 0 $aNLM$b101563507
029 1 $aNLC$b000038641440
994 $aZ0$bP4A
948 $hNO HOLDINGS IN P4A - 45 OTHER HOLDINGS